00979nam a2200241Ia 4500003000400000005001700004008004100021020001800062040001800080041000800098082002200106100002800128245010300156250001200259260004600271300002700317650003500344650004100379650008600420942003100506999001900537952018100556OSt20260128152320.0210716s2016 xx 000 0 und d a9788126563005 cAIMIT LIBRARY aeng a332.604 22bDEMC aDemaria, Cyril.9252994 aIntroduction to private equity : bventure growth LBO and turn around capital /cBy Cyril Demaria. a2nd ed. aNew Delhi :bWiley India Pvt Ltd ,c2016. axvi,392p. ;bPBc24 cm aWhat is private equity9252995 aThe private equity ecosystem9252996 aPrivate equity in teenage time: trend setting , fads and responsibilities9252997 2ddccBKe2ndk332.604 DEMC c195636d195636 00102ddc40708MCAaAIMITbAIMITd2017-03-01eKnowledge Worldg799.00iBill no:318; Bill dt:2017-02-10l0o332.604 DEMCpMCA15147r2026-05-23 00:00:00v599.25w2021-07-16yBK